[Event "FRA-chT2C 0506"]
[Site "France"]
[Date "2005.10.16"]
[Round "1.2"]
[White "Pasquier, Thomas"]
[Black "Boyd, Stephen"]
[Result "1/2-1/2"]
[WhiteElo "2273"]
[BlackElo "2320"]
[PlyCount "79"]
[EventDate "2005.10.27"]
[EventType "team-tourn"]
[EventRounds "11"]
[EventCountry "FRA"]
[SourceTitle "EXT 2006"]
[Source "ChessBase"]
[SourceDate "2005.11.24"]
[SourceVersion "1"]
[SourceVersionDate "2005.11.24"]
[SourceQuality "1"]
[BlackTeam "Lodeve Saint Affrique"]
[BlackTeamCountry "FRA"]

1. e4 g6 2. d4 Bg7 3. Nc3 d6 4. Be3 a6 5. Nf3 Nd7 6. Qd2 b5 7. Ne2 Ngf6 8. Ng3 Ng4 9. a4 Nxe3 10. Qxe3 b4 11. Bc4 Nb6 12. Bb3 a5 13. h4 h5 14. Ng5 e6 15. f4 Bh6 16. 0-0 Qe7 17. f5 exf5 18. Qf3 Bxg5 19. hxg5 Bb7 20. Qf4 0-0-0 21. exf5 Nd5 22. Bxd5 Bxd5 23. Rae1 Qd7 24. fxg6 fxg6 25. Ne4 Qc6 26. Rf2 Rde8 27. Rfe2 Rxe4 28. Rxe4 Bxe4 29. Qxe4 Qxe4 30. Rxe4 Kd7 31. d5 Rf8 32. Re6 Rf5 33. Rxg6 Rxd5 34. Rg7+ Ke6 35. Rxc7 Rxg5 36. Kf2 Rf5+ 37. Ke3 Rg5 38. Kf3 Rf5+ 39. Ke3 Rg5 40. Kf3 1/2-1/2

[Event "FRA-chT2 0304"]
[Site "France"]
[Date "2004.03.13"]
[Round "8"]
[White "Pasquier, Thomas"]
[Black "Monroy, Charles"]
[Result "0-1"]
[WhiteElo "2268"]
[BlackElo "2338"]
[PlyCount "98"]
[EventDate "2003.10.??"]
[EventType "team-tourn"]
[EventRounds "11"]
[EventCountry "FRA"]
[SourceTitle "EXT 2005"]
[Source "ChessBase"]
[SourceDate "2004.11.15"]
[SourceVersion "1"]
[SourceVersionDate "2004.11.15"]
[SourceQuality "1"]

1. e4 Nf6 2. e5 Nd5 3. d4 d6 4. c4 Nb6 5. exd6 exd6 6. Be3 Be7 7. Nd2 0-0 8. Bd3 Nc6 9. h3 f5 10. Ne2 Bg5 11. Bxg5 Qxg5 12. 0-0 f4 13. Nf3 Qh6 14. d5 Ne5 15. Nxe5 dxe5 16. f3 Nd7 17. Qc2 Nc5 18. Nc3 Rf6 19. Rf2 Nxd3 20. Qxd3 Bf5 21. Ne4 Rg6 22. Kf1 Rd8 23. Rd1 c6 24. Qc3 Re8 25. Qa3 cxd5 26. cxd5 Ra6 27. Qb3 Rb6 28. Qa3 a6 29. d6 Bxe4 30. fxe4 Rd8 31. Rfd2 Qe6 32. Qc5 Rc6 33. Qb4 f3 34. Qb3 fxg2+ 35. Kxg2 Qxb3 36. axb3 Kf7 37. Rd5 Ke6 38. Rf1 Rcxd6 39. Rc5 Rd2+ 40. Kh1 R8d7 41. Rf5 Rxb2 42. Rcxe5+ Kd6 43. Rd5+ Kc7 44. Rxd7+ Kxd7 45. Rf7+ Kc6 46. Rxg7 Rxb3 47. Rxh7 a5 48. Kg2 a4 49. Rf7 Re3 0-1

[Event "FRA-chT2 0304"]
[Site "France"]
[Date "2003.12.07"]
[Round "4"]
[White "Pasquier, Thomas"]
[Black "Prevot, Emmanuel"]
[Result "1-0"]
[WhiteElo "2268"]
[BlackElo "2257"]
[PlyCount "105"]
[EventDate "2003.10.??"]
[EventType "team-tourn"]
[EventRounds "11"]
[EventCountry "FRA"]
[SourceTitle "EXT 2005"]
[Source "ChessBase"]
[SourceDate "2004.11.15"]
[SourceVersion "1"]
[SourceVersionDate "2004.11.15"]
[SourceQuality "1"]
[WhiteTeam "Le Mans"]
[BlackTeam "Avoine"]
[WhiteTeamCountry "FRA"]
[BlackTeamCountry "FRA"]

1. e4 c5 2. Nf3 d6 3. d4 Nf6 4. Nc3 cxd4 5. Nxd4 g6 6. Be3 Bg7 7. f3 Nc6 8. Qd2 0-0 9. 0-0-0 Nxd4 10. Bxd4 Be6 11. Kb1 Qc7 12. g4 Rfc8 13. g5 Nh5 14. Bxg7 Kxg7 15. Nd5 Bxd5 16. exd5 Qd7 17. h4 Qa4 18. Bh3 Rc5 19. Bg4 Kg8 20. Rhe1 Ra5 21. a3 Rb5 22. Re3 Ng7 23. Qd4 Qxd4 24. Rxd4 Kf8 25. b4 a5 26. c4 Rb6 27. b5 f5 28. gxf6 exf6 29. Kc2 f5 30. Bh3 Ne8 31. Kb3 Nf6 32. Ka4 Nd7 33. Kb3 Rc8 34. Bf1 h5 35. Re1 Kf7 36. Rd2 Ne5 37. Re3 Kf6 38. f4 Nd7 39. Rd1 Nc5+ 40. Kb2 Rc7 41. Rde1 Kf7 42. Re8 a4 43. R1e3 Kf6 44. Kc3 Rxb5 45. cxb5 Ne6+ 46. Kb4 Nxf4 47. Bc4 Ng2 48. R3e6+ Kf7 49. b6 Rc5 50. R8e7+ Kf8 51. Rxb7 Nxh4 52. Rxd6 Rc8 53. Rdd7 1-0

[Event "FRA-chT2 0304"]
[Site "France"]
[Date "2003.11.16"]
[Round "3"]
[White "Cornette, Matthieu"]
[Black "Pasquier, Thomas"]
[Result "1/2-1/2"]
[WhiteElo "2399"]
[BlackElo "2268"]
[PlyCount "82"]
[EventDate "2003.10.??"]
[EventType "team-tourn"]
[EventRounds "11"]
[EventCountry "FRA"]
[SourceTitle "EXT 2005"]
[Source "ChessBase"]
[SourceDate "2004.11.15"]
[SourceVersion "1"]
[SourceVersionDate "2004.11.15"]
[SourceQuality "1"]
[WhiteTeam "Bordeaux Echecs I"]
[BlackTeam "Le Mans"]
[WhiteTeamCountry "FRA"]
[BlackTeamCountry "FRA"]

1. e4 e6 2. d4 d5 3. e5 c5 4. c3 Nc6 5. Nf3 Bd7 6. Be2 Nge7 7. Na3 Ng6 8. h4 Be7 9. g3 cxd4 10. cxd4 0-0 11. h5 Nh8 12. Nc2 f6 13. exf6 Bxf6 14. Bf4 Qb6 15. Qd2 Rac8 16. b3 Nf7 17. Rd1 Be7 18. 0-0 Nb4 19. Ne3 Bb5 20. Ne5 Nxe5 21. Bxe5 Nc6 22. Ng4 Nxe5 23. Nxe5 Bf6 24. Bxb5 Qxb5 25. Ng4 Qe8 26. Qe2 Rc6 27. Rfe1 Kh8 28. Ne5 Bxe5 29. Qxe5 Qf7 30. Rd2 h6 31. f4 a6 32. Kg2 Rfc8 33. Rf2 Rc2 34. Ree2 Rxe2 35. Rxe2 Rc6 36. Rf2 Kh7 37. a4 Rc3 38. Rf3 Rc2+ 39. Rf2 Rc3 40. Rf3 Rxf3 41. Kxf3 Qf5 1/2-1/2